00796nam a2200241Ia 4500003000400000005001700004008004100021020001500062040001800077041000800095082002100103100002600124245005200150250001200202260005700214300001800271650003600289650002700325650002800352942002500380999001900405952013000424OSt20230802151009.0210716s1999 xx 000 0 und d a8120315227 cAIMIT LIBRARY aeng a005.43 21bWAGB aWagner, Bill.9129154 aComplee idiots guide to unix /cBy Bill Wagner. a1st ed. aNew Delhi :bPrentice Hall of India PVt Ltd ,c1999. axviii,396 p.; aWorking in the unix gui9129155 aNuts and bolts9129156 aUnixs net worth9129157 2ddccBKk005.43 WAGB c183471d183471 00102ddc40708MCAaAIMITbAIMITd2021-07-16g150.00l0o005.43 WAGBpMCA02979r2026-05-23 00:00:00v150.00w2021-07-16yBK